Statistics for Guess every Euro Winner

Click here to take the quiz!

General Stats

  • This quiz has been taken 21 times
  • The average score is 9 of 10

Answer Stats

XCountry% Correct
2France
100%
3Germany
100%
2Italy
100%
1Portugal
100%
3Spain
100%
1Greece
89%
1Denmark
83%
1Netherlands
78%
1USSR
78%
1Czechoslovakia
61%

Score Distribution

Percentile by Number Answered

Percent of People with Each Score

Your Score History

You have not taken this quiz